000 00753nam a22002297a 4500
003 UA-OsUOA
001 121396
007 ta
008 20170320b un ||||| |||| 00| 0 ukr d
100 _aАндрос С.
700 _aХиленко В.
090 _a330(477)
_bА66
942 _cSA
040 _aUA-OsUOA
_bukr
_cUA-OsUOA
_dUA-OsUOA
245 _aОрганізаційно-фінансове забезпечення реалізації стратегії кредитно-інвестиційної діяльності банків
300 _aС.3-32
955 _a0
041 _aukr
080 _a330(477)
773 0 _w121395
_tБанківська справа
_dК.
_d2017
_g1
650 7 _a330 Економіка взагалі
_2UDC
999 _c407612
_d407612